ბათუმის შოთა რუსთაველის სახელმწიფო უნივერსიტეტის ბიბლიოთეკა

ალბათობის თეორია : სახელმძღვ. / (ბიბ.ჩანაწერი № 37715)

000 -ლიდერი
ფიქსირებული სიგრძის საკონტროლო ველი 00926nam a2200217Ia 4500
001 - საკონტროლო ნომერი
საკონტროლო ველი 3690
003 - საკონტროლო ნომრის იდენტიფიკატორი
საკონტროლო ველი GE_BSU
005 - ბოლო ოპერაციის თარიღი და დრო
საკონტროლო ველი 20190524184151.0
008 - ფიქსირებული სიგრძის მონაცემთა ელემენტები - ზოგადი ინფორმაცია
ფიქსირებული სიგრძის საკონტროლო ველი 181216s1980||||ge |||||||||||||| ||geo||
040 ## - კატალოგიზაციის წყარო
Transcribing agency GE_BSU
041 ## - ენის კოდი
Language code of text/sound track or separate title geo
080 ## - უნივერსალური ათობითი კლასიფიკაციის ინდექსი
Universal Decimal Classification number 519.21(075.8) ვ-33
100 ## - მთავარი ჩანაწერი - პიროვნების სახელი
Personal name ვენტცელი, ე.
9 (RLIN) 1612
245 ## - ცნობა სათაურის შესახებ
Title ალბათობის თეორია : სახელმძღვ. /
Statement of responsibility, etc ე. ვენტცელი ; რედ : ნ.გვანცალაძე ; რ.დანელია .
264 ## - წარმოების, გამოცემის, დისტრიბუციის და სხვა ცნობები
გამოცემის, წარმოების, დისტრიბუციის... ადგილი თბილისი :
გამოცემის, წარმოების, დისტრიბუციის... სახელწოდება განათლება,
გამოცემის, წარმოების, დისტრიბუციის... თარიღი 1980.
300 ## - ფიზიკური აღწერა
Extent 622 გვ .:
Dimensions 22სმ.
Accompanying material დანართი : გვ. 618-620.
653 ## - INDEX TERM--UNCONTROLLED
Uncontrolled term ალბათობის თეორია
700 ## - ADDED ENTRY--PERSONAL NAME
Personal name გვანცალაძე, ნ
Relator term რედაქტორი
9 (RLIN) 1613
700 ## - ADDED ENTRY--PERSONAL NAME
Personal name დანელია, რ
Relator term რედაქტორი
9 (RLIN) 1505
942 ## - ADDED ENTRY ELEMENTS (KOHA)
Koha item type წიგნი
Source of classification or shelving scheme
ეგზემპლარები
ჩამოწერის სტატუსი დაკარგული ეგზემპლარის სტატუსი კლასიფიკაციის წყარო ან თაროზე გაწყობის სქემა დაზიანების სტატუსი არ გაიცემა მუდმივი მდებარეობა (დაცვის ადგილი) ამჟამინდელი ადგილსამყოფელი თაროზე განთავსების ადგილი შეძენის თარიღი ღირებულება, შესყიდვის ნორმალური ფასი სრული შენახვის შიფრი შტრიხკოდი ბოლო ოპერაციის თარიღი ეგზემპლარის მიმდევრობითი ნომერი (კეტერი?) ფასის ძალაში შესვლის თარიღი ეგზემპლარის სახეობა საჯარო შენიშვნა
          ტექნოლოგიური ფაკულტეტის ბიბლიოთეკა ტექნოლოგიური ფაკულტეტის ბიბლიოთეკა წიგნსაცავი 2018-12-17 2.00 519.21(075.8) ვ-33 9056 2018-12-17 9056 2018-12-17 წიგნი 2 ლ. 60 თ.
          ტექნოლოგიური ფაკულტეტის ბიბლიოთეკა ტექნოლოგიური ფაკულტეტის ბიბლიოთეკა წიგნსაცავი 2018-12-17 2.00 519.21(075.8) ვ-33 9057 2018-12-17 9057 2018-12-17 წიგნი 2 ლ. 60 თ.
          ტექნოლოგიური ფაკულტეტის ბიბლიოთეკა ტექნოლოგიური ფაკულტეტის ბიბლიოთეკა წიგნსაცავი 2018-12-17 2.00 519.21(075.8) ვ-33 9058 2018-12-17 9058 2018-12-17 წიგნი 2 ლ. 60 თ.